| 000 | 00433pab a2200157 454500 | ||
|---|---|---|---|
| 008 | 180718b2004 xxu||||| |||| 00| 0 eng d | ||
| 100 | _aShantaram, M.R. | ||
| 245 | _aCase on issues and challenges of managing a public enterprise | ||
| 260 | _c2004 | ||
| 300 | _ap.69-73. | ||
| 362 | _aApr-Jun | ||
| 650 | _aPublic sector | ||
| 650 | _aPublic enterprises | ||
| 773 | _aIndian Journal of Training and Development | ||
| 909 | _a61830 | ||
| 999 |
_c61830 _d61830 |
||